Feynmanove prednášky z fyziky 1

Salvato in:
Dettagli Bibliografici
Autori principali: Feynman, Richard P (Autore), Leighton, Robert B (Autore), Sands, Matthew (Autore)
Natura: Libro
Lingua:slovacco
Pubblicazione: Bratislava : Alfa, 1986
Edizione:2.vyd.
Tags: Aggiungi Tag
Nessun Tag, puoi essere il primo ad aggiungerne!!

MARC

LEADER 00000nam a22000003a 4500
001 stu9546
005 20150617225804.6
008 970423s1986----cs------------------slo-d
040 |a STU  |b slo 
041 0 |a slo 
044 |a cs 
080 |a 531  |7 stu_us_auth*stu7974 
100 1 |a Feynman, Richard P  |4 aut 
245 1 |a Feynmanove prednášky z fyziky 1 
250 |a 2.vyd. 
260 |a Bratislava :  |b Alfa,  |c 1986 
300 |a 451 s 
700 1 |a Leighton, Robert B  |4 aut 
700 1 |a Sands, Matthew  |4 aut 
996 |b 284V025631  |c V*32165/O-12972 I.  |l VVS  |s A  |a 24  |w stu9546_0002